Palau Sant Jordi
ISBN:
84-78668-019-5
Descripción Física:
95, [2] p. : il. ; 25x30 cm
Otros Autores:
COOB'92
MARC
| LEADER | 00000nam a2200000Ia 4500 | ||
|---|---|---|---|
| 001 | 17846 | ||
| 008 | 160829s1990 xx 000 0 cat d | ||
| 020 | |a 84-78668-019-5 | ||
| 080 | |a FOL-2-122 | ||
| 245 | |a Palau Sant Jordi | ||
| 250 | |a English ed. | ||
| 260 | |a Barcelona : |b Diputació de Barcelona : |b COOB'92, |c 1990 | ||
| 300 | |a 95, [2] p. : |b il. ; |c 25x30 cm | ||
| 590 | |a En estoig de 31 x 35 cm. | ||
| 590 | |a Hi ha un exemplar en castellà amb R. 17845 i en francès amb R. 17122 | ||
| 610 | 2 | 0 | |a Palau Sant Jordi (Barcelona, Catalunya) |9 53077 |
| 650 | 0 | |a Instal·lacions esportives |z Barcelona (Catalunya) |9 33585 | |
| 700 | |a COOB'92 |9 23141 | ||
| 710 | 1 | |a Barcelona (Catalunya : Província). |b Diputació |9 52408 | |
| 901 | |a Arxiu | ||
| 942 | |n 1 | ||
| 952 | |0 0 |1 0 |4 0 |6 FOL2122 |7 1 |9 54832 |a Arxiu |b Arxiu |d 2016-12-01 |l 0 |o FOL-2-122 |p 17846 |r 2016-12-01 00:00:00 |w 2016-12-01 |y ARXIU | ||
| 999 | |c 58702 |d 58702 | ||